000 01172nam a22002777a 4500
001 BD-DhSAU
003 BD-DhSAU
005 20250722153344.0
008 150420b2005 bg ||||| m||| 00| 0 eng d
040 _aBD-DhSAU
082 _222
_a634.99
_bR15
100 _aRANA, MD. MASUM
_eRegistration No. # 20-11146
245 _aMorpho-physiological responses of moringaoleifera seedlings in response to salt stress /
_bMS thesis
260 _aSher-e-Bangla Agricultural University:
_bDepartment of Agroforestry and Environmental Science,
_c2022.
300 _aviii, 59p. ;
_c30 cm.
500 _aMS thesis of Department of Agroforestry and Environmental Science, Faculty of Agriculture, Sher-e-Bangla Agricultural University, Dhaka, Bangladesh
504 _aIncludes bibliographical reference.
590 _aNazmul
650 _amorpho-physiological responses
651 _amoringa oleifera seedlings
654 _asalt stress
700 _aProf. Dr. Md. Kausar Hossain
_eSuperviser
700 _aProf. Dr. Jubayer-Al-Mahmud
_eCo-superviser
856 _uhttp://archive.saulibrary.edu.bd:8080/xmlui/handle/123456789/5296
942 _2ddc
_cTHESIS
999 _c17645
_d17644